00799nam a22002057a 4500008004100000010001400041020001100055035001300066037001500079040001800094082001500112245021300127260004500340270006100385300002400446610003800470650004800508700001700556700002000573081223t xxu||||| |||| 00| 0 eng d aENG-92273 c250.00 aEN-75806 bDBAD / PUB adplbEnglish  a343.540944 aSupreme Court on The Motor Vehicles Act, 1988 with state amendments & digest of Supreme Court cases updated case citations arranged subject wise and with Bare Act /cedited by A.R. Gupta [and] Ravinder Kumar  aNew Delhi bArcher Publicationsc2006-07 a138, Sector-IV, Pocket B/8, Rohini, bNew Delhi e110085 a300p. c22cm (pbk)  aIndia.tMotor Vehicles Act, 1988. aMotor vehiclesxLaw and legislationxDigest aGupta, A.R.  aRavinder Kumar